Szczegóły MARC21

Techniki i triki negocjacyjne /

003 -Nazwa inst., której nr kontr. jest w polu 001 [,]
    • @
    • Nazwa instytucji, której n kontrolny jest w polu 001
    • NUKAT
005 -DATA I CZAS OSTATNIEJ MODYFIKACJI [,]
    • @
    • pole kontrolne
    • 20241231101025.0
020 -Międzynarod. znormalizowany nr książki - ISBN [ , ]
    • a
    • Numer ISBN
    • 8387338087 Find
040 -Instytucja sporządzająca opis [ , ]
    • a
    • Instytucja, która sporządziła opis (NP)
    • KR 93/11EZ
    • c
    • Instytucja, która sporządziła rekord (NP)
    • KR 93/11EZ
    • d
    • Instytucja, która zmodyfikowała rekord (P)
    • KR 93/MD
    • d
    • Instytucja, która zmodyfikowała rekord (P)
    • KR 93/MKs
    • d
    • Instytucja, która zmodyfikowała rekord (P)
    • GL 001/EZN
942 -Rodzaj dokumentu [ , ]
    • c
    • Rodzaj dokumentu
    • Książka
100 -Hasło główne - nazwa osobowa [1, ]
    • a
    • Nazwa osobowa (NP)
    • Myśliwiec, Grzegorz
    • d
    • Daty biograficzne (NP)
    • (1955- ).
    • 9
    • KHW
    • 77922
245 -Strefa tytułu i oznaczenia odpowiedzialności [1,0]
    • a
    • Tytuł
    • Techniki i triki negocjacyjne / Find
    • c
    • Pozostałe elementy strefy tytułu i oznaczenia odpowiedzialności (NP)
    • Grzegorz Myśliwiec.
260 -Strefa adresu wydawniczego [ , ]
    • a
    • Miejsce wydania (P)
    • Warszawa :
    • b
    • Nazwa wydawcy (P)
    • Efekt,
    • c
    • Data wydania (P)
    • 1999.
300 -Strefa opisu fizycznego [ , ]
    • a
    • Określenie formy książki i/lub objętość (NP)
    • 136 s. ;
    • c
    • Format (NP)
    • 21 cm.
336 -Typ zawartości [ , ]
    • a
    • Termin opisujący typ zawartości
    • Tekst
    • b
    • Kod określający zawartość
    • txt
    • 2
    • Źródło (terminu i kodu)
    • rdacontent
337 -Typ mediów [ , ]
    • a
    • Tryb odtwarzania
    • Bez urządzenia pośredniczącego
    • b
    • Kod typu mediów
    • n
    • 2
    • Źródło (terminu i kodu)
    • rdamedia
338 -Typ/rodzaj nośnika [ , ]
    • a
    • Hasło opisujące typ nośnika
    • Wolumin
    • b
    • Kod typu nośnika
    • nc
    • 2
    • Źródło (terminu i kodu)
    • rdacarrier
504 -Uwaga dot. bibliogr. załącznikowej [ , ]
    • a
    • Uwaga dot. bibliografii załącznikowej
    • Bibliogr. s. 135-136.
080 -Uniwersalna Klasyfikacja Dziesiętna [ , ]
    • a
    • Symbol klasyfikacji
    • 65.011
080 -Uniwersalna Klasyfikacja Dziesiętna [ , ]
    • a
    • Symbol klasyfikacji
    • :159.942
080 -Uniwersalna Klasyfikacja Dziesiętna [ , ]
    • a
    • Symbol klasyfikacji
    • :316.47
650 -Hasło przedmiotowe [ ,7]
    • a
    • Hasło przedmiotowe
    • Negocjacje
    • x
    • Określnik rzeczowy
    • aspekt psychologiczny.
    • 2
    • Źródło terminu
    • kaba
    • 9
    • KHW
    • 366217
650 -Hasło przedmiotowe [ ,7]
    • a
    • Hasło przedmiotowe
    • Negocjacje handlowe.
    • 2
    • Źródło terminu
    • kaba
    • 9
    • KHW
    • 120982
980 -Symbol UKD [ , ]
    • a
    • UKD
    • 65.011:159.942:316.47
710 -Hasło dodatkowe - nazwa ciała zbiorowego [2, ]
    • a
    • Nazwa ciała zbiorowego lub nazwa geograficzna jako pierwszy element (NP)
    • Wydawnictwo Efekt.
    • 4
    • Kod relacji
    • pbl
    • 9
    • KHW
    • 95372
856 -Dostęp do wersji elektronicznej [4,8]
    • 3
    • Wyszczególnienie materiału
    • Okładka
856 -Dostęp do wersji elektronicznej [4,1]
    • 3
    • Wyszczególnienie materiału
    • Spis treści
920 -ISBN [ , ]
    • a
    • ISBN
    • 83-87338-08-7 Find
Numer inwentarzowy Sygnatura Status udost. Data inwentaryzacji Lokalizacja
E.66977 -22000-07-25BE
S.86303 -32000-07-25BE
W.202856W.202856-22000-07-25BG
W.202857W.202856-22000-07-25BG
W.202858W.20285622000-07-25BG
T.2934 22000-07-25T